Statistics for Premier League Legends

Click here to take the quiz!

General Stats

  • This quiz has been taken 90 times
    (82 since last reset)
  • The average score is 60 of 108

Answer Stats

YearsClub/ClubsNationalityFootballer% Correct
2011- Present DayManchester CityArgentinaAguero
96%
2003-2009Manchester UnitedPortugalRonaldo
96%
1998-2015LiverpoolEnglandGerrard
95%
1990-2014Manchester UnitedWalesGiggs
95%
1999-2007 / 2012ArsenalFranceHenry
95%
2004-2012 / 2014-2015ChelseaIvory CoastDrogba
91%
1993-2005Manchester UnitedIrelandKeane
91%
2001-2011 / 2012Leeds / Tottenham / Liverpool / West Ham / Aston VillaIrelandKeane
91%
1995-2015West Ham / Chelsea / Manchester CityEnglandLampard
91%
2002-2018Everton / Manchester UnitedEnglandRooney
91%
1988-2006Southampton / Blackburn Rovers / NewcastleEnglandShearer
91%
1998-2017ChelseaEnglandTerry
91%
2009-Present DayTottenhamEnglandKane
89%
2008-2019Manchester CityBelgiumKompany
85%
2006-2014Manchester UnitedSerbiaVidic
84%
2012-2014 / 2015-Present DayChelsea / Manchester CityBelgiumDe Bruyne
82%
2010-Present DayManchester CitySpainSilva
82%
2002-2008ArsenalBrazilSilva
82%
2011-2014LiverpoolUruguaySuarez
82%
2004-2019Chelsea / ArsenalCzech RepublicCech
80%
2008-2012TottenhamCroatiaModric
80%
1993-2011 / 2012-2013Manchester UnitedEnglandScholes
80%
2004-2015Arsenal / Manchester UnitedNetherlandsvan Persie
80%
1995-2006ArsenalNetherlandsBergkamp
78%
1992-1997Leeds / Manchester UnitedFranceCantona
78%
1995-2006Newcastle / Tottenham / West Ham / Leicester City / Bolton / Reading / WatfordEnglandFerdinand
78%
1995-2015West Ham / Leeds / Manchester United / QPREnglandFerdinand
78%
2006-2013Southampton / TottenhamWalesBale
76%
1993-2008Newcastle / Manchester United / Blackburn Rovers / Fulham / Manchester City / Portsmouth / SunderlandEnglandCole
76%
1998-2016West Ham / Chelsea / Liverpool / Aston VillaEnglandCole
76%
1999-2014Arsenal / Crystal Palace / ChelseaEnglandCole
76%
2012-2019ChelseaBelgiumHazard
76%
2015-Present DayLeicester City / ChelseaFranceKante
76%
1991-1999 / 2001-2003Manchester United / Aston Villa / Manchester CityDenmarkSchmeichel
76%
2006-2013West Ham / Manchester United / Manchester CityArgentinaTevez
76%
2010-2018Manchester CityIvory CoastToure
76%
1996-2004 / 2005-2013Liverpool / Newcastle / Manchester United / Stoke CityEnglandOwen
73%
1992-2003Manchester UnitedEnglandBeckham
71%
2006-2014Tottenham / Manchester United / FulhamBulgariaBerbatov
71%
2011-Present DayManchester UnitedSpainDe Gea
71%
1992-2011Manchester UnitedEnglandNeville
71%
1996-2003ChelseaItalyZola
71%
2007-2015Liverpool / ChelseaSpainTorres
67%
2003-2011 / 2014-2019Arsenal / ChelseaSpainFabregas
64%
2001-2011Fulham / Manchester UnitedNetherlandsvan der Sar
64%
1983-2002ArsenalEnglandAdams
60%
2005-2014ChelseaGhanaEssien
58%
1997-1999 / 2001-2005 / 2008-2012Arsenal / Liverpool / Manchester City / ChelseaFranceAnelka
56%
1986-2002SouthamptonEnglandLe Tissier
56%
2002-Present DayLeeds / Newcastle / Aston Villa / Manchester City / LiverpoolEnglandMilner
56%
2000-2006 / 2010-2011Arsenal / Aston VillaFrancePires
56%
1992-2009 / 2010-2011Tottenham / Arsenal / Portsmouth / NewcastleEnglandCampbell
55%
1998-2001Manchester UnitedNetherlandsStam
55%
2013-Present DayArsenalGermanyOzil
53%
2015-Present DaySouthampton / LiverpoolNetherlandsvan Dijk
53%
2001-2006Manchester UnitedNetherlandsvan Nistelrooy
53%
1996-2005 / 2010-2011Arsenal / Manchester CityFranceVieira
53%
2004-2009LiverpoolSpainAlonso
51%
1999-2018West Ham / Tottenham / Manchester UnitedEnglandCarrick
51%
1996-2007Manchester UnitedNorwaySolskjaer
51%
1985-1999Crystal Palace / Arsenal / West HamEnglandWright
51%
1998-2019Tottenham / QPR / Portsmouth / Aston Villa / Southampton / Liverpool / Stoke City / BurnleyEnglandCrouch
49%
2006-2014 / 2018Manchester United / West HamFranceEvra
49%
1990-2004Arsenal / Manchester CityEnglandSeaman
47%
2004-2012EvertonAustraliaCahill
45%
1993-2007Liverpool / Leeds / Manchester CityEnglandFowler
45%
2002-2006BoltonNigeriaOkocha
45%
2013-Present DayManchester CityBrazilFernandinho
44%
1991-2007Nottingham Forest / Tottenham / Manchester United / Portsmouth / West HamEnglandSheringham
44%
2012-Present DayChelseaSpainAzpilicueta
42%
2013-2018LiverpoolBrazilCoutinho
42%
1999-2004West Ham / Charlton AthleticItalyDi Canio
42%
2003-2008ChelseaFranceMakelele
42%
1989-2004 / 2006-2009Aston Villa / Manchester United / Blackburn Rovers / SunderlandTrinidad and TobagoYorke
42%
1996-2013LiverpoolEnglandCarragher
40%
2004-2010ChelseaPortugalCarvalho
40%
2008-2017ChelseaSerbiaIvanovic
40%
1997-2000ArsenalNetherlandsOvermars
40%
1990-2004Manchester United / WolverhamptonIrelandIrwin
38%
2004-2007ChelseaNetherlandsRobben
35%
1987-1996Manchester UnitedEnglandBruce
33%
1998-2008Arsenal / West HamSwedenLjungberg
33%
1997-1999 / 2000-2007Leeds / Chelsea / Middlesbrough / Charlton AthleticSurinameHasselbaink
31%
1988-2002Manchester United / Chelsea / Southampton / Everton / Blackburn RoversWalesHughes
31%
1992-2010Liverpool / Aston Villa / West Ham / Manchester City / PortsmouthEnglandJames
31%
1994-2012Leicester City / Liverpool / Birmingham City / Wigan Athletic / Aston VillaEnglandHeskey
29%
1994-1995 / 1997-1998TottenhamGermanyKlinsmann
29%
1998-Present DayAston Villa / Manchester City / Everton / West BromEnglandBarry
27%
1988-2002ArsenalEnglandDixon
27%
1997-2015Liverpool / Blackburn Rovers / Aston Villa / TottenhamUSAFriedel
27%
2002-Present DayWigan Athletic / EvertonEnglandBaines
25%
2001-2013Chelsea / Arsenal / TottenhamFranceGallas
25%
1997-2000 / 2001-2004Arsenal / ChelseaFrancePetit
25%
1998-2004ChelseaFranceDesailly
24%
1995-2002Newcastle / Tottenham / Aston Villa / EvertonFranceGinola
24%
1999-2009LiverpoolFinlandHyypia
24%
1986-1995 / 1997-2006West Ham / Manchester United / Liverpool / Middlesbrough / WolverhamptonEnglandInce
24%
1999-2012TottenhamEnglandKing
24%
1989-2001Manchester United / MiddlesbroughEnglandPallister
22%
1992-2006Manchester United / Coventry City / Aston Villa / Leicester CityEnglandDublin
20%
1994-2000 / 2006-2007Blackburn Rovers / Chelsea / Aston VillaEnglandSutton
20%
1994-2017Blackburn Rovers / Newcastle / Manchester City / Aston Villa / Middlesbrough / Stoke CityIrelandGiven
18%
1994-2014Watford / Sunderland / Southampton / Aston Villa / West Brom / Birmingham City / Blackpool / Crystal Palace / Leicester CityEnglandPhillips
18%
1997-2016Middlesbrough / Fulham / Chelsea / Leicester CityAustraliaSchwarzer
18%
1988-2008Leeds / Everton / Newcastle / BoltonWalesSpeed
18%
1989-2005Chelsea / Blackburn Rovers / SouthamptonEnglandLe Saux
13%
1990-1999 / 2003-2005Liverpool / Manchester CityEnglandMcManaman
13%
1987-1998Liverpool / Everton / Newcastle / Bolton / Manchester City / FulhamEnglandBeardsley
11%

Score Distribution

Percentile by Number Answered

Percent of People with Each Score

Your Score History

You have not taken this quiz since the last reset